000 00744nam a2200229Ia 4500
003 GCL
008 140319s9999 xx 000 0 ara d
040 _aGCL /
_cGCL
082 0 4 _a621.31934
_bع ك
100 1 _aعبدالمنعم موسى
245 1 0 _aكابلات توزيع القوى الكهربية /
_cعبدالمنعم موسى
260 _a[S.N] :
_bدار الراتب الجامعية ،
_c1992
300 _a189 ص
650 0 4 _aالكهرباء
650 0 4 _aالتوصيلات الكهربائية
650 0 4 _aالطاقة
650 0 4 _aالكابلات
650 0 4 _aتوزيع الكهرباء
650 0 4 _aالملفات الكهربائية
650 0 4 _aالهندسة الكهربية
942 _2ddc
_cBK
999 _c48724
_d48724